000 00276nam a2200109Ia 4500
008 200302s9999 xx 000 0 und d
100 _aOscar Riera Ojeda
245 _aMaterials Architecture in Details
260 _bRockport Publishers Inc.
260 _c2003
300 _a190 P.,
999 _c5209
_d5209